Sports Quiz

Random Sports or Celebrity Quiz

Top-Earning Athletes (2008) Quiz Stats

 Plays Quiz Updated Aug 8, 2017

Support Sporcle.
Go Orange.
Score 0/30 Timer 08:00
2 Plays Today
Earnings (millions) Athlete % Correct
127.9Tiger Woods
99.3%
40.4LeBron James
86.3%
35.4Kobe Bryant
85.4%
48.2David Beckham
80.5%
62.3Phil Mickelson
78.4%
35Alex Rodriguez
75.4%
35.1Roger Federer
71%
30.5Peyton Manning
63.4%
30.3Cristiano Ronaldo
63.2%
35Shaquille O'Neal
63%
30Derek Jeter
54.9%
25Dwyane Wade
52.9%
25.9Jeff Gordon
51.9%
40.2Floyd Mayweather Jr.
47.5%
31Kevin Garnett
47.2%
Earnings (millions) Athlete % Correct
27.2Dale Earnhardt Jr.
44.3%
22.5Carmelo Anthony
37.6%
35.8Lionel Messi
33.8%
37.5Ronaldinho
33.1%
27.1Allen Iverson
29.8%
31.7Yao Ming
24.3%
26.1Thierry Henry
20.6%
25Tracy McGrady
20.1%
27.6Lewis Hamilton
18.1%
25.9Kevin Durant
15.3%
35Fernando Alonso
10.9%
25.2Ben Roethlisberger
9%
46Kimi Räikkönen
7.2%
27.6Ichiro Suzuki
5.9%
34Valentino Rossi
5.8%

From the Vault

Two by Five

by BanjoZebra

"He's a demon on wheels and he's gonna be chasin' after someone!"
Remove Ads.
Support Sporcle.
Get the best of Sporcle when you Go Orange. This ad-free experience offers more features, more stats, and more fun while also helping to support Sporcle. Thank you for becoming a member.

Show Comments

Extras

Top Quizzes Today


Score Distribution

Your Account Isn't Verified!

In order to create a playlist on Sporcle, you need to verify the email address you used during registration. Go to your Sporcle Settings to finish the process.

Report this User

Report this user for behavior that violates our Community Guidelines.

Details: